000 00805nam a2200265Ia 4500
003 OSt
005 20220928130408.0
006 a|||||r|||| 00| 0
007 ta
008 220927b |||||||| |||| 00| 0 eng d
020 _c10876.02
024 _a125302
037 _b1904, 01/01/2015, A J Books
_cTextual
040 _aSDCL
_cSDCL
_beng
041 _2eng
_aeng
082 _aD65,5:4, Q3
100 _aCvijetic Milorad
_9473809
245 0 _aAdvanced optical communication
_b Systems and networks
260 _aBoston
_bArtech House
_c2013
300 _axx;804p.
_ccm.
650 _aElectronic Science
700 _a Djordjevic Ivan B
_9473810
942 _hD65,5:4, Q3
_cTEXL
_2CC
999 _c786405
_d786405